| 000 | 00537nam a2200193 a 4500 | ||
|---|---|---|---|
| 001 | 8188 | ||
| 003 | CO-ViMGA | ||
| 008 | 141112s2004 ck r 000 u spa d | ||
| 040 |
_aCO-ViMGA _bspa _cCO-ViMGA |
||
| 082 | 0 | 4 | _a306.82 S81e |
| 100 | 1 |
_aSuarez Higuera, Mariela del C. _97956 |
|
| 245 | 1 | 0 |
_aEn las fronteras del cambio / _cSuarez Higuera Mariela |
| 260 |
_aSantafé de Bogotá : _bMagisterio, _c1997 |
||
| 300 | _a147 p. | ||
| 490 | _aAula abierta | ||
| 590 | _aEjemplares : 2 | ||
| 650 | 1 | 4 |
_aLA PAREJA _97957 |
| 942 |
_2ddc _cBK |
||
| 999 |
_c20000 _d20000 |
||